Les problèmes contemporains posés par le canal de Suez /

محفوظ في:

المؤلف الرئيسي: al-Ḥifnāwī, Muṣṭafā. (مؤلف)

التنسيق: كتاب

اللغة: French

منشور في: Paris : Impr. Guillemot et de Lamothe, 1951.

الموضوعات:

الوسوم: إضافة وسم

لا توجد وسوم, كن أول من يضع وسما على هذه التسجيلة!

رقم الطلب: HE543 .H48 1951

LEADER 00872nam a22002657a 4500
003 OSt
005 20250825084826.0
008 250303s1951 fr g b 000 0 fre d
010 |a 53033869 
040 |c ARCE Library 
043 |a f-ua---  |a e-uk--- 
050 1 4 |a HE543   |b .H48 1951 
100 1 |6 880-01  |a al-Ḥifnāwī, Muṣṭafā.  |e author 
245 1 4 |a Les problèmes contemporains posés par le canal de Suez /   |c [par] Moustapha el-Hefnaoui. 
264 1 |a Paris :   |b Impr. Guillemot et de Lamothe,   |c 1951. 
300 |a 396 pages ;   |c 25 cm. 
500 |a OCLC 3808518 
504 |a Bibliography : pages 387-392. 
651 0 |a Egypt  |x Foreign relations  |z Great Britain. 
651 0 |a Great Britain  |x Foreign relations  |z Egypt. 
651 0 |a Suez Canal (Egypt) 
880 1 |6 100-01/(3/r  |a حفناوي، مصطفى 
901 |a reviewed 
942 |c BK  |2 lcc 
999 |c 22046  |d 22046